Score 0/7 Timer 03:00
0 Plays Today
Question Answer Wrong Answers
The 'American Minerva,' New York City’s first daily newspaper, is established by this man, whose name will later become synonymous with 'dictionary'.
1793
Noah Webster
89.9%
Peter Mark Roget
4.2%
Rand McNally
2.6%
Thomas Paine
3.3%
This labor activist and Nobel laureate wins Poland’s first direct presidential election.
1990
Lech Wałęsa
86.2%
Nikolai Ryzhkov
5.2%
Borisav Jović
6.5%
John Major
1.2%
This iconic American actor and centenarian, known for films like 'Spartacus,' 'Lust for Life,' and 'The Bad and the Beautiful,' is born.
1916
Kirk Douglas
84%
Humphrey Bogart
5.2%
Marlon Brando
6.4%
Cary Grant
4%
Douglas Engelbart gives what became known as 'The Mother of All Demos,' demonstrating essentially all the fundamental elements of modern personal ______.
1968
Computing
82.6%
Telephones
7.1%
Aeronautics
3.7%
Transportation
5.9%
President Park Geun-hye, the first female president of ______, is impeached by the country’s National Assembly in response to an influence peddling scandal.
2016
South Korea
66.9%
Indonesia
11.4%
Myanmar
12.3%
Sri Lanka
8.2%
Directed by Rian Johnson and starring Mark Hamill and Daisy Ridley, “Star Wars: ______” premieres in Los Angeles.
2017
The Last Jedi
49.9%
The Force Awakens
21.5%
Rogue One
21.8%
Revenge of the Sith
5.1%
After receiving royal assent the day prior, a bill legalizing same-sex marriages takes effect in this Oceanic country.
2017
Australia
47.3%
New Zealand
35.5%
Fiji
11.3%
Papua New Guinea
4.6%
Remove Ads.
Support Sporcle.
Get the best of Sporcle when you Go Orange. This ad-free experience offers more features, more stats, and more fun while also helping to support Sporcle. Thank you for becoming a member.

You're not logged in!

Compare scores with friends on all Sporcle quizzes.
OR
Log In

Show Comments

Extras

Top Quizzes Today


Score Distribution

Your Account Isn't Verified!

In order to create a playlist on Sporcle, you need to verify the email address you used during registration. Go to your Sporcle Settings to finish the process.

Report this User

Report this user for behavior that violates our Community Guidelines.

Details: